<?xml version="1.0" encoding="UTF-8"?>
<marc:record xmlns:marc="http://www.loc.gov/MARC21/slim">
   <marc:leader>00000nam a2200000 a 4500</marc:leader>
   <marc:datafield ind1="1" ind2=" " tag="100">
      <marc:subfield code="a">Giacchino, Michael</marc:subfield>
   </marc:datafield>
   <marc:datafield ind1="1" ind2=" " tag="100">
      <marc:subfield code="a">Aldrich, Matthew</marc:subfield>
   </marc:datafield>
   <marc:datafield ind1="1" ind2=" " tag="100">
      <marc:subfield code="a">Molina, Adrian</marc:subfield>
   </marc:datafield>
   <marc:datafield ind1="1" ind2=" " tag="100">
      <marc:subfield code="a">Unkrich, Lee</marc:subfield>
   </marc:datafield>
   <marc:datafield ind1="0" ind2="0" tag="245">
      <marc:subfield code="a">Coco</marc:subfield>
   </marc:datafield>
   <marc:datafield ind1="0" ind2="0" tag="245">
      <marc:subfield code="b">Lebendiger als das Leben!</marc:subfield>
   </marc:datafield>
   <marc:datafield ind1="0" ind2="0" tag="245">
      <marc:subfield code="c">original score by Michael Giacchino ; screenplay by Adrian Molina, Matthew Aldrich ; co-directed by Adrian Molina ; directed by Lee Unkrich</marc:subfield>
   </marc:datafield>
   <marc:datafield ind1=" " ind2="1" tag="264">
      <marc:subfield code="a">München</marc:subfield>
      <marc:subfield code="b">Walt Disney Studios Home Entertainment</marc:subfield>
      <marc:subfield code="c">2018</marc:subfield>
   </marc:datafield>
   <marc:datafield ind1="1" ind2=" " tag="520">
      <marc:subfield code="a">Miguel wächst in einer Familie auf, in der alle Generationen unter einem Dach versammelt sind. Sogar seine Urgroßmutter Coco ist unter ihnen, das letzte Bindeglied zu ihren Eltern, die letzten Familienmitglieder, deren Leben noch mit Musik erfüllt war. Obwohl es ihm verboten ist, will Miguel Musiker werden. Im Mausoleum seines großen Idols stiehlt er dessen Gitarre und wird durch einen Flug in die Welt der Toten transportiert. Aus ihr kann er nur zurückkehren, wenn ihm seine toten Verwandten ihren Segen erteilen.</marc:subfield>
   </marc:datafield>
   <marc:datafield ind1="0" ind2=" " tag="490">
      <marc:subfield code="v">0</marc:subfield>
   </marc:datafield>
   <marc:datafield ind1=" " ind2=" " tag="300">
      <marc:subfield code="a">1 DVD-Video (circa 101 min) : farbig, PAL, Regionalcode 2</marc:subfield>
   </marc:datafield>
</marc:record>
